Представление документа в формате MARC21

Поле Инд. ПП Название Значение
Тип записи a
Библиографический уровень m
001 Контрольный номер 4a05dd0da6c54590b38f0233d4254b4c
005 Дата корректировки 20260211124832.4
020 a ISBN 978-5-7995-1038-1
080 a Индекс УДК 532(075.8)
080 a Индекс УДК 532.5(075.8)
080 a Индекс УДК 532.542(075.8)
090 a Полочн. индекс 532
x Авторский знак Р 47
097 b Оператор *Фа*
245 10 a Заглавие Решения типовых гидравлических задач
b Продолж. заглавия учебное пособие
b Продолж. заглавия в составе учебно-методического комплекса
c Ответственность Тверской гос. техн. ун-т
c Ответственность составители: М.А. Скоробогатов, Е.Н. Коноплев, Ф.В. Качановский, Н.П. Курбатов, С.С. Посадкова, А.А. Андрианова
260 a Место издания Тверь
b Издательство ТвГТУ
c Дата издания 2019
440 _0 a Серия УМК-У
515 a Прим. об особенностях нумерации № 4792
516 8_ a Прим. о типе комп. файла/ данных Текст : электронный
520 0_ a Аннотация Содержит краткие теоретические сведения и основные расчетные зависимости по дисциплине «Гидравлика», детально выполненные примеры решения различных по тематике и сложности задач, охватывающие основные разделы гидравлики. Приведены задачи для самостоятельного решения. Материал проиллюстрирован расчетными схемами и чертежами. Снабжено справочными данными, помещенными в приложения. Подготовлено на кафедре «Гидравлика, теплотехника и гидропривод» Тверского государственного технического университета. Предназначено для студентов очного и заочного обучения по направлениям: 08.03.01 Строительство профилей ПГС, АДА, ПСК, ГСХ, ПЗ; 15.03.02 Технологические машины и оборудование ТМСЮ; 23.03.02 Наземные транспортно-технологические комплексы (профиль НТТК); 13.03.01 Теплоэнергетика и теплотехника (профиль АЭС) при изучении курсов «Гидравлика», «Гидрогазодинамика», «Гидромеханика», «Механика жидкости», «Гидравлика и гидропривод», а также для студентов факультета ФДПО в ТвГТУ.
535 1_ a Хранилище Сервер
583 a Действие Приписка : УМК
653 0_ a Ключевые слова Гидравлика
a Ключевые слова Гидравлические задачи
a Ключевые слова Гидродинамика
a Ключевые слова Гидростатика
a Ключевые слова Гидростатическое давление
a Ключевые слова ТвГТУ
655 a Жанр/ форма (устаревшее) М
773 18 w Контрольный № источника 3892c6191c7f4d59b2ca289c2e5361e9
w Контрольный № источника 116919
w Контрольный № источника RU/IS/BASE/595524976
w Контрольный № источника 116467
900 a Имя макрообъекта 001-000135025-000000000-0000-0000-01
901 t Тип документа m
905 a Дата создания записи 18.10.19
c Дата приписки 15.05.25
c Дата приписки 24.10.25
c Дата приписки 02.12.25
c Дата приписки 11.02.26
952 a Тип литературы для КСУ ВШ М3
990 h N записи в КСУ для Б/У (DOS) 28/2019э